Macroeconomics. Principles,Problems and Policies /
Salvato in:
| Autori principali: | , |
|---|---|
| Natura: | Libro |
| Lingua: | inglese |
| Pubblicazione: |
New York :
McGraw-Hill,
1990
|
| Tags: |
Nessun Tag, puoi essere il primo ad aggiungerne!!
|
MARC
| LEADER | 00000nam a22000003a 4500 | ||
|---|---|---|---|
| 001 | stu31515 | ||
| 005 | 20150617225734.7 | ||
| 008 | 931217s1990----xxu-----------------eng-d | ||
| 020 | |a 0-07-200024-4 | ||
| 040 | |a STU |b slo | ||
| 041 | 0 | |a eng | |
| 044 | |a xxu | ||
| 080 | |a 330.101.54 | ||
| 100 | 1 | |a McConnell, Campbell R |4 aut | |
| 245 | 1 | |a Macroeconomics. Principles,Problems and Policies / |c [aut.] McConnell,Campbell R.; Brue,Stanley L | |
| 260 | |a New York : |b McGraw-Hill, |c 1990 | ||
| 300 | |a 568 s | ||
| 700 | 1 | |a Brue, Stanley L |4 aut | |
| 996 | |b J92361 |c J*92361 |l JJST |s P |a 0 |w stu31515_0001 | ||
| 996 | |b J90075 |c J*90075 |l JJSK |s A |a 24 |w stu31515_0002 | ||